Statistics for World's Longest Rivers on a Map

Click here to take the quiz!

General Stats

  • This quiz has been taken 24,356 times
    (20,133 since last reset)
  • The average score is 9 of 15

Answers on the Map

Answers color-coded by a green-red scale on the quiz's map according to % correct below.
Loading ...
 

Answer Stats

River% Correct
Nile
99%
Amazon
98%
Mississippi
95%
Yellow
82%
Congo
76%
Yangtze
76%
Missouri
71%
Mekong
61%
Niger
59%
Ob
29%
Amur
24%
Lena
24%
Parana
23%
Mackenzie
22%
Yenisei
19%

Score Distribution

Percentile by Number Answered

Percent of People with Each Score

Your Score History

You have not taken this quiz since the last reset